| 000 | 00363 a2200157 4500 | ||
|---|---|---|---|
| 001 | 68049 | ||
| 020 | _a9783125560185 | ||
| 040 | _cAnchieta - Pituba | ||
| 100 | _aLang, Susanne | ||
| 240 | 1 | 0 |
_aDie Rache des computers _ldeu / ger |
| 245 | 1 | 0 | _aDie Rache des computers |
| 300 | _a96 | ||
| 362 | 0 | _a2004 | |
| 650 | 4 | _aLiteratura juvenil em alemão | |
| 942 | _cBK | ||
| 999 |
_c68049 _d68049 |
||